000 00610cam a22002173a 4500
001 45301
003 PGUSA
005 20140828084039.0
008 140401s2014||||xxu|||||s|||||000 | eng d
040 _aPGUSA
_beng
042 _adc
100 1 _aWhitney, A. D. T.
_cMrs
245 1 0 _aMother Goose for Grown Folks
_h[electronic resource] /
_cA. D. T. Whitney
260 _bProject Gutenberg,
_c2014
506 _aPublic domain in the USA.
516 _aElectronic text
700 1 _aHoppin, Augustus
830 0 _aProject Gutenberg
_v45301
856 4 0 _uhttp://www.gutenberg.org/ebooks/45301
942 _cEB
999 _c274552
_d274552